| 000 | 00000nam##2200000za#4500 |
| 001 | 9.686511 |
| 003 | CaOODSP |
| 005 | 20210624230553 |
| 007 | cr ||||||||||| |
| 008 | 150407|2003||||xxc|||||o f|0| 0 eng|d |
| 040 | |aCaOODSP|beng |
| 043 | |an-cn--- |
| 086 | 1 |aMP80-10/2003E-IN |
| 110 | 1 |aCanada.|bHuman Resources Development Canada. |bHuman Investment Programs. |
| 245 | 12|aA way with words and images : |h[electronic resource]|bguidelines for the portrayal of persons with disabilities / |cIssued by the Office for Disability Issues. |
| 260 | |aOttawa - Ontario : |bHuman Resources Development Canada. |c2003. |
| 300 | |a14p.|billus., references |
| 500 | |aISBN (0-662-88611-9) for English version printed on French version. |
| 590 | |a03-18|b2003-05-02 |
| 775 | 08|tLe pouvoir des mots et des images : |w(CaOODSP)9.630980 |
| 776 | 0#|tA way with words and images : |w(CaOODSP)9.648830 |
| 856 | 40|ahttp://publications.gc.ca|qPDF|s106 KB|uhttps://publications.gc.ca/collections/Collection/MP80-10-2003E.pdf |
| 986 | |aSDDP-001-10-02E |